Disney World Ride Names Quiz Stats

 Plays Quiz not verified by Sporcle

Challenge
Share
Tweet
Embed
Score 0/10 Timer 07:00
0 Plays Today
Ride Hint The Answer % Correct
Creepy dolls that sing and dance. You ride in boat.It's a Small World
97.2%
You ride in a boat that fliesPeter Pan
89%
You go down a fast elevatorThe Tower of Terror
73.5%
You shoot targets from a cartToy Story Mania
70.2%
You go on a boat to see FAKE animalsJungle Cruise
60.8%
Ride with Aladin in the airThe Magic Carpet
44.8%
You go an a truck to see REAL animalsSafari
24.3%
A roller coaster with rock 'n roll musicThe Rock 'N Roll Roller Coaster
14.9%
You crash through a barnGoofy's roller Coaster
11.6%
A traing go kart courseMickey's Speedway
9.9%

You're not logged in!

Compare scores with friends on all Sporcle quizzes.
Join for Free
OR
Log In

You Might Also Like...

Show Comments

Extras

Top Quizzes Today


Score Distribution

Your Account Isn't Verified!

In order to create a playlist on Sporcle, you need to verify the email address you used during registration. Go to your Sporcle Settings to finish the process.

Report this User

Report this user for behavior that violates our Community Guidelines.

Details: